<?xml version="1.0" encoding="UTF-8"?>
<record
    xmlns:xsi="http://www.w3.org/2001/XMLSchema-instance"
    xsi:schemaLocation="http://www.loc.gov/MARC21/slim http://www.loc.gov/standards/marcxml/schema/MARC21slim.xsd"
    xmlns="http://www.loc.gov/MARC21/slim">

  <leader>00265    a2200109   4500</leader>
  <controlfield tag="001">76786</controlfield>
  <controlfield tag="005">20260522142430.0</controlfield>
  <datafield tag="090" ind1=" " ind2=" ">
    <subfield code="a">76786</subfield>
  </datafield>
  <datafield tag="100" ind1=" " ind2=" ">
    <subfield code="a">20260522              pory50        </subfield>
  </datafield>
  <datafield tag="200" ind1=" " ind2=" ">
    <subfield code="a">A L&#xE3; e a Neve </subfield>
    <subfield code="f">Ferreira de Castro </subfield>
  </datafield>
  <datafield tag="210" ind1=" " ind2=" ">
    <subfield code="c">C&#xED;rculo de Leitores </subfield>
    <subfield code="d">1985</subfield>
  </datafield>
  <datafield tag="942" ind1=" " ind2=" ">
    <subfield code="c">MON</subfield>
  </datafield>
</record>
